Guess Kpop idol's Stage Name through real name - Statistics

General Stats
  • This quiz has been taken 232 times
  • The average score is 16 of 31
Answer Stats
Real name Group Stage name % Correct
Yu Jimin AESPA KARINA
90%
Choi Jisu ITZY LIA
90%
Han Jisung STRAY KIDS HAN
89%
Kim Namjun BTS RM
89%
Bae Juhyun RED VELVET IRENE
81%
Ahn Hyejin MAMAMOO HWASA
76%
Park Jongseong ENHYPEN JAY
76%
Kim Jiwon IVE LIZ
75%
Shim Hyewon KISS OF LIFE BELLE
69%
Lee Chan SEVENTEEN DINO
68%
Kim Jongin EXO KAI
68%
Seol Yoona NMIXX SULLYOON
66%
Shin Haram BABYMONSTER RAMI
62%
Kim Kibum SHINEE KEY
61%
Choi Taeyang P1HARMONY THEO
53%
Lee Chanyoung RIIZE ANTON
48%
Jung Eunbi VIVIZ EUNHA
43%
Sim Jayun STAYC YOON
43%
Son Youngjae THE BOYZ ERIC
40%
Kim Myungjun ASTRO MJ
38%
Son Hyunwoo MONSTA X SHOWNU
37%
Han Dongmin BOYNEXTDOOR TAESAN
37%
Han Eunji EVERGLOW MIA
33%
Yu Siah OH MY GIRL YOOA
28%
Park Sujin PURPLE KISS SWAN
23%
Kim Jimin WEEEKLY MONDAY
20%
Kwon Na-yeon WOOAH NANA
20%
Kim Jiyeon WJSN BONA
14%
Jo Hwihyeon H1-KEY HWISEO
10%
Kim Youngkyun SF9 HWI YOUNG
8%
Lee Euiwoong TEMPESt LEW
8%
No matching quizzes found
Score Distribution
Percent of People with Each Score
Percentile by Number Answered
Your Score History
You have not taken this quiz